| 000 | 01594cam a22002414a 4500 | ||
|---|---|---|---|
| 005 | 20250605164240.0 | ||
| 008 | 250528s ||||||||||||||||||||||||d | ||
| 035 | _a21301 | ||
| 020 | _a9789600220889 | ||
| 040 |
_aGR-AtMCL _bgre _dGR-AtMCL _eAACR2 |
||
| 245 | 1 | _aΠόροι για την Ανάπτυξη και την Κοινωνική Συνοχή / Ελληνική Οικονομία | |
| 260 |
_bΚέντρο Θεσμικών Μεταρρυθμίσεων, _c2007 |
||
| 300 | _a136 | ||
| 520 | _aΕισαγωγή, Μεταρρυθμίσεις για την Ανάπτυξη και την Κοινωνική Συνοχή, Προς ένα Αναπτυξιακό Κοινωνικό Κράτος: Αναζητώντας Πόρους για Κοινωνική Συνοχή και Ανάπτυξη, Το Ζήτημα της Επάρκειας των Πόρων για Ανάπτυξη και Κοινωνική Συνοχή, Πόροι για την Ανάπτυξη και την Κοινωνική Συνοχή, Η Κοινωνική Συνοχή ως Προαπαιτούμενο της Ανάπτυξης, Μέτρα και Πολιτικές για την Κοινωνική Προστασία και την Απασχόληση. | ||
| 700 | 1 |
_aΑλογοσκούφης Γιώργος _97351 |
|
| 700 | 1 |
_aΒενιζέλος Ευάγγελος _97352 |
|
| 700 | 1 |
_aΔασκαλόπουλος Δημήτρης _97353 |
|
| 700 | 1 |
_aΠαπαντωνίου Γιάννος _97354 |
|
| 700 | 1 |
_aΠελαγίδης Θοδωρής _97355 |
|
| 942 | _cBK | ||
| 999 |
_c6366 _d6366 |
||